000 00465nam a2200193Ia 4500
999 _c85146
_d85146
003 0100
005 20171017121348.0
008 130307s9999 xx 000 0 und d
040 _cARRUPELIB
050 _aB765.T54A3 1938
100 _aAdler, Mortimer J
_937168
245 _aSt. Thomas and the Gentiles
260 _aMilwaukee
260 _bMarquette University Press
260 _c1938
300 _a111p.
300 _b19cm.
440 _aThe Aquinas Lecture, 1938
_937169
600 _aThomas Aquinas, St. Contra gentiles
_937154
942 _2lcc
_cMONOGRAPH